000 00528nam a2200193Ia 4500
005 20250508162618.0
008 008 250505s9999 xx 000 0 eng d
020 _a0-7456-0062-X
037 _aTextual
040 _aFEDL
_beng
_cFEDL
041 _aeng
_2eng
084 _a191, JOA
_qFEDL
100 _aJoas Hans
245 0 _aG. H. Mead : Contemporary re-examination of his thought
260 _aCambridge
_bPolity Press
_c1980
300 _a266p.
942 _cTEXL
_h191, JOA
999 _c1377636
_d1377636